00657nam a2200181 a 450000100100000000500170001000800410002702000150006804000250008304100080010808200180011610000200013424501410015426000420029530000350033750000380037265000650041000002162920200930011405.0100909s1997 gw ab 000 0 spa d z382631276X aDO-SdBNPbspacBNPHU172eng a577.52bB687d1 aBolay, Eberhard10aThe Dominican Republic a country between rain forest and desert :bcontributions to the ecology of a caribbean island /cEberhard Bolay. aWeikersheim :bMargraf Verlag,c1997. a456 p. :bil. ; map. ;c24 cm. aIncluye notas al pie de páginas 4aEcología de islaszRepública DominicanaxInvestigaciones